000
00244nam a2200109 a 4500
005
20140414132039.0
008
110322s19uu xx 00 eng d
050
_a
TR
_b
SH1 2004
100
_a
Willis, Jeanne
245
_a
Shhh!.
999
_c
113791
_d
113791